[Event "Najdorf Memorial"]
[Site "Warsaw POL"]
[Date "2021.07.10"]
[Round "1.32"]
[White "Wadelek, Karol"]
[Black "Paszewski, Mateusz"]
[Result "0-1"]
[WhiteElo "1942"]
[BlackElo "2280"]
[EventDate "2021.07.10"]
[PlyCount "71"]
[LiveChessVersion "1.4.8"]

1.c4 {[%clk 1:30:56]} 1...c6 {[%clk 1:30:26]} 2.Nf3 {[%clk 1:30:29]} 2...d5
{[%clk 1:30:53]} 3.g3 {[%clk 1:30:07]} 3...Nf6 {[%clk 1:31:15]} 4.Bg2 {[%clk
1:30:29]} 4...dxc4 {[%clk 1:29:12]} 5.Na3 {[%clk 1:20:46]} 5...b5 {[%clk
1:21:02]} 6.b3 {[%clk 1:16:23]} 6...e5 {[%clk 1:01:19]} 7.bxc4 {[%clk 0:49:26]}
7...e4 {[%clk 0:59:46]} 8.Ng5 {[%clk 0:42:18]} 8...h6 {[%clk 0:55:42]} 9.Nh3
{[%clk 0:35:02]} 9...b4 {[%clk 0:53:00]} 10.Nc2 {[%clk 0:33:27]} 10...Be7
{[%clk 0:48:33]} 11.O-O {[%clk 0:30:41]} 11...O-O {[%clk 0:46:28]} 12.Bb2
{[%clk 0:27:52]} 12...Bf5 {[%clk 0:39:46]} 13.Ne3 {[%clk 0:26:55]} 13...Bh7
{[%clk 0:39:22]} 14.Kh1 {[%clk 0:07:36]} 14...Qd7 {[%clk 0:34:28]} 15.Qe1
{[%clk 0:06:56]} 15...Na6 {[%clk 0:32:11]} 16.Rd1 {[%clk 0:06:22]} 16...Nc5
{[%clk 0:28:20]} 17.Ng1 {[%clk 0:05:52]} 17...Ne8 {[%clk 0:20:18]} 18.f3 {[%clk
0:05:26]} 18...Bf6 {[%clk 0:20:08]} 19.Bxf6 {[%clk 0:04:52]} 19...Nxf6 {[%clk
0:20:23]} 20.fxe4 {[%clk 0:04:51]} 20...Ncxe4 {[%clk 0:20:01]} 21.Nf3 {[%clk
0:03:15]} 21...Rfe8 {[%clk 0:17:28]} 22.Nh4 {[%clk 0:02:20]} 22...Rad8 {[%clk
0:15:55]} 23.Nef5 {[%clk 0:01:04]} 23...Kh8 {[%clk 0:10:29]} 24.e3 {[%clk
0:00:41]} 24...c5 {[%clk 0:09:45]} 25.d4 {[%clk 0:00:40]} 25...Nc3 {[%clk
0:08:57]} 26.Rd2 {[%clk 0:00:57]} 26...Nfe4 {[%clk 0:09:08]} 27.Bxe4 {[%clk
0:00:35]} 27...Rxe4 {[%clk 0:07:43]} 28.Qc1 {[%clk 0:00:31]} 28...Qb7 {[%clk
0:06:28]} 29.Kg1 {[%clk 0:00:36]} 29...cxd4 {[%clk 0:06:31]} 30.exd4 {[%clk
0:00:36]} 30...Ne2+ {[%clk 0:05:28]} 31.Rxe2 {[%clk 0:01:04]} 31...Rxe2 {[%clk
0:05:56]} 32.d5 {[%clk 0:00:50]} 32...Qc7 {[%clk 0:02:33]} 33.Nd4 {[%clk
0:00:31]} 33...Qc5 {[%clk 0:02:13]} 34.Rd1 {[%clk 0:00:40]} 34...Rc2 {[%clk
0:01:55]} 35.Qe3 {[%clk 0:00:33]} 35...Rxc4 {[%clk 0:02:09]} 36.Nhf3 0-1

[Event "Najdorf Memorial"]
[Site "Warsaw POL"]
[Date "2021.07.10"]
[Round "1.33"]
[White "Sidorczuk, Pawel"]
[Black "Czopor, Maciej"]
[Result "0-1"]
[WhiteElo "1924"]
[BlackElo "2279"]
[EventDate "2021.07.10"]
[PlyCount "82"]
[LiveChessVersion "1.4.8"]

1.e4 {[%clk 1:30:58]} 1...c5 {[%clk 1:30:51]} 2.Nf3 {[%clk 1:31:25]} 2...d6
{[%clk 1:31:10]} 3.d4 {[%clk 1:31:25]} 3...cxd4 {[%clk 1:31:36]} 4.Nxd4 {[%clk
1:31:52]} 4...Nf6 {[%clk 1:32:00]} 5.Nc3 {[%clk 1:32:18]} 5...a6 {[%clk
1:32:25]} 6.Bg5 {[%clk 1:31:09]} 6...e6 {[%clk 1:32:29]} 7.f4 {[%clk 1:31:35]}
7...h6 {[%clk 1:31:31]} 8.Bh4 {[%clk 1:31:36]} 8...Be7 {[%clk 1:31:01]} 9.Qf3
{[%clk 1:28:47]} 9...Qc7 {[%clk 1:30:15]} 10.O-O-O {[%clk 1:28:28]} 10...Nbd7
{[%clk 1:29:26]} 11.g4 {[%clk 1:23:04]} 11...g5 {[%clk 1:28:41]} 12.fxg5 {[%clk
1:15:02]} 12...Ne5 {[%clk 1:28:56]} 13.gxf6 {[%clk 1:15:30]} 13...Nxf3 {[%clk
1:29:00]} 14.Nxf3 {[%clk 1:15:58]} 14...Bf8 {[%clk 1:26:19]} 15.e5 {[%clk
1:09:42]} 15...d5 {[%clk 1:23:23]} 16.Bg3 {[%clk 1:07:04]} 16...Rg8 {[%clk
1:16:35]} 17.h3 {[%clk 1:06:20]} 17...b5 {[%clk 1:14:37]} 18.Bd3 {[%clk
1:06:42]} 18...Qb6 {[%clk 1:07:29]} 19.Bf4 {[%clk 1:04:53]} 19...b4 {[%clk
1:01:22]} 20.Ne2 {[%clk 1:05:01]} 20...a5 {[%clk 1:01:31]} 21.Ned4 {[%clk
1:04:56]} 21...Ba6 {[%clk 1:01:13]} 22.Be3 {[%clk 1:04:19]} 22...Qb7 {[%clk
0:54:09]} 23.Kb1 {[%clk 1:02:11]} 23...a4 {[%clk 0:54:06]} 24.Bxa6 {[%clk
0:50:17]} 24...Rxa6 {[%clk 0:52:21]} 25.Rhg1 {[%clk 0:48:40]} 25...Kd7 {[%clk
0:50:27]} 26.h4 {[%clk 0:47:14]} 26...Bc5 {[%clk 0:47:30]} 27.Bxh6 {[%clk
0:38:26]} 27...b3 {[%clk 0:47:02]} 28.c3 {[%clk 0:35:16]} 28...a3 {[%clk
0:43:19]} 29.axb3 {[%clk 0:34:58]} 29...axb2 {[%clk 0:43:44]} 30.Kxb2 {[%clk
0:33:11]} 30...Rga8 {[%clk 0:41:02]} 31.Kc2 {[%clk 0:27:57]} 31...Ra2+ {[%clk
0:41:04]} 32.Kd3 {[%clk 0:28:23]} 32...Qa6+ {[%clk 0:39:20]} 33.Ke3 {[%clk
0:28:50]} 33...Rc2 {[%clk 0:37:27]} 34.Rd3 {[%clk 0:26:16]} 34...Rc8 {[%clk
0:34:46]} 35.Rgd1 {[%clk 0:24:44]} 35...Bb6 {[%clk 0:30:15]} 36.h5 {[%clk
0:18:13]} 36...R8xc3 {[%clk 0:28:44]} 37.Bg7 {[%clk 0:11:07]} 37...Rxd3+ {[%clk
0:28:38]} 38.Rxd3 {[%clk 0:11:36]} 38...Qa1 {[%clk 0:28:58]} 39.Kf4 {[%clk
0:09:07]} 39...Qf1 {[%clk 0:28:12]} 40.Ke3 {[%clk 0:34:46]} 40...Re2+ {[%clk
0:57:41]} 41.Kf4 {[%clk 0:34:53]} 41...Re4+ {[%clk 0:58:07]} 0-1

[Event "Najdorf Memorial"]
[Site "Warsaw POL"]
[Date "2021.07.10"]
[Round "1.35"]
[White "Luberanski, Jakub"]
[Black "Zdybel, Przemyslaw"]
[Result "1-0"]
[WhiteElo "2274"]
[BlackElo "1923"]
[EventDate "2021.07.10"]
[PlyCount "93"]
[BlackTitle "I++"]
[WhiteTitle "FM"]

1.d4 Nf6 2.c4 g6 3.Nc3 d5 4.Nf3 Bg7 5.Bf4 c6 6.e3 O-O 7.h3 Bf5 8.Qb3 b6 9.Ne5
Be6 10.Rc1 c5 11.cxd5 Nxd5 12.Nxd5 Bxd5 13.Bc4 Bxc4 14.Qxc4 Bxe5 15.dxe5 Nc6
16.e6 Qc8 17.Bh6 Ne5 18.Qe4 Qxe6 19.Bxf8 Rxf8 20.f4 Nc6 21.Qxe6 fxe6 22.Ke2 e5
23.Rhf1 Rc8 24.Rcd1 Kf7 25.f5 g5 26.Rd7 Kf6 27.g4 e4 28.Rh1 c4 29.Rc1 b5 30.Rd5
Rb8 31.a4 a6 32.axb5 axb5 33.Ra1 Nb4 34.Rd7 Nd3 35.Ra6+ Kf7 36.Rh6 Rh8 37.f6
Ke6 38.Rxe7+ Kd6 39.Rb7 b4 40.f7+ Kd5 41.Rb5+ Nc5 42.Ra6 c3 43.Raa5 cxb2
44.Rxc5+ Ke6 45.Re5+ Kxf7 46.Ra7+ Kf6 47.Rae7 1-0

[Event "Najdorf Memorial"]
[Site "Warsaw POL"]
[Date "2021.07.10"]
[Round "1.36"]
[White "Adamczyk, Zuzanna"]
[Black "Malicka, Maria"]
[Result "0-1"]
[WhiteElo "1921"]
[BlackElo "2272"]
[EventDate "2021.07.10"]
[PlyCount "88"]
[BlackTitle "FM"]
[WhiteTitle "WCM"]

1.d4 Nf6 2.c4 e6 3.g3 Bb4+ 4.Nd2 c5 5.a3 Bxd2+ 6.Bxd2 cxd4 7.Nf3 Nc6 8.b4 d5
9.c5 O-O 10.Bf4 Re8 11.Nxd4 e5 12.Nxc6 bxc6 13.Bg5 h6 14.Bd2 d4 15.Bg2 Nd5
16.O-O Bg4 17.h3 Bh5 18.Be4 Qd7 19.g4 Bg6 20.Bxg6 fxg6 21.e4 Nc7 22.Qb3+ Kh7
23.f4 exf4 24.Rxf4 Ne6 25.Rf3 Rad8 26.Qd3 Rf8 27.Raf1 Rxf3 28.Rxf3 Qc7 29.Kh1
a5 30.Be1 axb4 31.axb4 Ng5 32.Rf1 Re8 33.Qxd4 Nxe4 34.Qd3 Qe5 35.Kg2 Ra8 36.Qb3
Rd8 37.Qe3 Ra8 38.Qb3 Qd4 39.Bf2 Qd2 40.Qb1 Qd5 41.Kg1 Nd2 42.Qd1 Ra1 43.Qxa1
Nf3+ 44.Kg2 Ne1+ 0-1

[Event "Najdorf Memorial"]
[Site "Warsaw POL"]
[Date "2021.07.10"]
[Round "1.37"]
[White "Karpus, Michal"]
[Black "Szwaj, Jacek"]
[Result "1/2-1/2"]
[WhiteElo "2271"]
[BlackElo "1920"]
[EventDate "2021.07.10"]
[PlyCount "137"]
[BlackTitle "I++"]
[WhiteTitle "FM"]

1.e4 c5 2.Nf3 e6 3.d4 cxd4 4.Nxd4 Nf6 5.Nc3 d6 6.Be3 a6 7.f3 b5 8.Qd2 Nbd7
9.O-O-O Bb7 10.g4 Nb6 11.a3 Rc8 12.Nb3 Nfd7 13.f4 Na4 14.Nxa4 bxa4 15.Nd4 Nc5
16.Qe2 Bxe4 17.Bg2 Nb3+ 18.Kb1 Nxd4 19.Rxd4 Rxc2 20.Bd2 Bxg2 21.Qxg2 Qc8 22.Qe4
Rc6 23.f5 Be7 24.Re1 d5 25.Rxd5 O-O 26.Rd3 Bh4 27.Re2 exf5 28.gxf5 Rc4 29.Qf3
Bf6 30.Bc3 Bxc3 31.Rxc3 Rxc3 32.Qxc3 Qxf5+ 33.Ka1 Rc8 34.Re5 Qg4 35.h3 Qd7
36.Qb4 g6 37.Re1 h5 38.h4 Rd8 39.Rf1 Qg4 40.Rf4 Rd1+ 41.Ka2 Qe6+ 42.Qc4 Rd6
43.Qxe6 Rxe6 44.Rxa4 f5 45.Rc4 Kf7 46.b4 g5 47.hxg5 Kg6 48.Rc1 Kxg5 49.Rg1+ Kh6
50.a4 f4 51.Kb3 f3 52.b5 axb5 53.axb5 Rf6 54.Kc4 h4 55.b6 Rxb6 56.Kd4 Re6
57.Rf1 Kg5 58.Rxf3 Kg4 59.Rf8 Rg6 60.Ke3 Kg3 61.Ke2 h3 62.Rf3+ Kh4 63.Rf4+ Kg5
64.Rf1 Kh4 65.Rf4+ Kg3 66.Rf3+ Kg4 67.Kf2 Rb6 68.Rg3+ Kh4 69.Rg8 1/2-1/2

[Event "Najdorf Memorial"]
[Site "Warsaw POL"]
[Date "2021.07.10"]
[Round "1.38"]
[White "Perkampus, Laurin"]
[Black "Bus, Konrad"]
[Result "1-0"]
[WhiteElo "1920"]
[BlackElo "2266"]
[EventDate "2021.07.10"]
[PlyCount "97"]
[BlackTitle "k"]

1.d4 Nf6 2.c4 e6 3.Nc3 Bb4 4.Qc2 O-O 5.e4 d5 6.e5 Ne4 7.Bd3 c5 8.Ne2 cxd4
9.Nxd4 Nd7 10.Bf4 Ndc5 11.O-O Bxc3 12.bxc3 Nxd3 13.Qxd3 b6 14.cxd5 Qxd5 15.c4
Nc5 16.Qxh7+ Kxh7 17.cxd5 exd5 18.Rfd1 Bd7 19.Ne2 Bc6 20.Nd4 Ba4 21.Rd2 f6
22.e6 Rfe8 23.Re1 g5 24.Bg3 Kg6 25.f3 Rad8 26.h4 Re7 27.hxg5 Kxg5 28.Kf2 Kg6
29.Bf4 Rh7 30.g4 Re8 31.Kg2 a6 32.Re3 Bb5 33.Bd6 Kg5 34.Nxb5 axb5 35.Rxd5+ Kg6
36.Bxc5 bxc5 37.Rxc5 Ra7 38.Re2 Ra6 39.f4 Ra4 40.Kg3 Ra3+ 41.Kg2 Ra4 42.Rf2 Kg7
43.Rc7+ Kh6 44.Kf3 Ra3+ 45.Ke4 Kg6 46.f5+ Kg5 47.Rg7+ Kh4 48.Kd5 b4 49.e7 1-0

[Event "Najdorf Memorial"]
[Site "Warsaw POL"]
[Date "2021.07.10"]
[Round "1.39"]
[White "Zochowski, Kacper"]
[Black "Bojczewski, Mateusz"]
[Result "1-0"]
[WhiteElo "2262"]
[BlackElo "1916"]
[EventDate "2021.07.10"]
[PlyCount "89"]
[BlackTitle "I+"]
[WhiteTitle "FM"]

1.Nf3 Nf6 2.c4 e6 3.g3 d5 4.Bg2 d4 5.O-O c5 6.e3 dxe3 7.fxe3 Nc6 8.d4 Be7 9.Nc3
cxd4 10.exd4 O-O 11.a3 a6 12.b4 Qc7 13.Bf4 Bd6 14.Bg5 Be7 15.Qe2 Rd8 16.Rad1 h6
17.Bf4 Bd6 18.Bxd6 Rxd6 19.d5 exd5 20.Nxd5 Nxd5 21.Qe8+ Kh7 22.cxd5 Rd8 23.Qe4+
f5 24.Qh4 Ne7 25.Rfe1 Qb6+ 26.Kh1 Ng6 27.Qh5 Qf6 28.Nd4 Ne5 29.Qe2 Ng6 30.Ne6
Bxe6 31.Qxe6 Rd6 32.Qxf6 gxf6 33.Re6 Rad8 34.Rc1 Ne5 35.Re7+ Kg6 36.Rxb7 R8d7
37.Rxd7 Rxd7 38.Kg1 Kg5 39.Rc8 Rd6 40.Rg8+ Kh5 41.Bf1 Nf3+ 42.Kg2 Nd4 43.Kh3
Rb6 44.Bd3 Rd6 45.Bxf5 1-0

[Event "Najdorf Memorial"]
[Site "Warsaw POL"]
[Date "2021.07.10"]
[Round "1.40"]
[White "Worobiej, Daniel"]
[Black "Baum, Jonasz"]
[Result "1/2-1/2"]
[WhiteElo "1914"]
[BlackElo "2260"]
[EventDate "2021.07.10"]
[PlyCount "107"]
[BlackTitle "IM"]
[WhiteTitle "I++"]

1.e4 c5 2.Nf3 d6 3.Bb5+ Nd7 4.O-O a6 5.Bxd7+ Qxd7 6.d4 cxd4 7.Qxd4 e5 8.Qd3 Qc6
9.c4 Be6 10.b3 b5 11.cxb5 axb5 12.Na3 Nf6 13.Nxb5 Nxe4 14.Be3 f6 15.Rfd1 Bd7
16.a4 Nc5 17.Bxc5 dxc5 18.Nd6+ Bxd6 19.Qxd6 Qxd6 20.Rxd6 Ke7 21.Rb6 Rhb8
22.Rxb8 Rxb8 23.Nd2 Be6 24.f3 Bd5 25.Kf2 Kd6 26.Ke3 Rb4 27.Kd3 Bxb3 28.Nxb3
Rxb3+ 29.Kc2 c4 30.a5 Rb7 31.Kc3 Kc5 32.a6 Ra7 33.Ra2 h5 34.h4 Kb5 35.Rb2+ Kxa6
36.Kxc4 Rd7 37.Kc5 Rd4 38.Rb6+ Ka7 39.Re6 Rd7 40.Kc6 Rb7 41.Kd5 Rb5+ 42.Ke4
Rb4+ 43.Kf5 Rxh4 44.Kg6 Rh2 45.Kxg7 Rxg2+ 46.Kxf6 Rf2 47.Rxe5 Rxf3+ 48.Kg5 Rh3
49.Re7+ Kb8 50.Rh7 Rg3+ 51.Kh4 Rg1 52.Rxh5 Rh1+ 53.Kg5 Rxh5+ 54.Kxh5 1/2-1/2

[Event "Najdorf Memorial"]
[Site "Warsaw POL"]
[Date "2021.07.10"]
[Round "1.41"]
[White "Kiolbasa, Oliwia"]
[Black "Paprocki, Antoni"]
[Result "1/2-1/2"]
[WhiteElo "2255"]
[BlackElo "1912"]
[EventDate "2021.07.10"]
[PlyCount "98"]
[BlackTitle "I++"]
[WhiteTitle "WIM"]

1.e4 c6 2.d4 d5 3.e5 Bf5 4.Nf3 e6 5.Be2 c5 6.Be3 Qb6 7.Nc3 Nc6 8.O-O Qxb2 9.Qe1
cxd4 10.Bxd4 Nxd4 11.Nxd4 Bb4 12.Rb1 Bxc3 13.Rxb2 Bxe1 14.Rxe1 b6 15.c4 dxc4
16.Bxc4 Ne7 17.Bb5+ Kf8 18.a4 g5 19.Rc1 Rd8 20.Nxf5 Nxf5 21.h3 Kg7 22.Rc7 Rd5
23.Rxa7 Rc8 24.Rb1 Rxe5 25.Rb7 Rc2 26.Rd1 Rd5 27.Rxd5 Rc1+ 28.Kh2 exd5 29.Rxb6
Rc2 30.Bd3 Rxf2 31.Kg1 Rf4 32.a5 Ne3 33.a6 Ra4 34.Rb7 Nc4 35.a7 Ra2 36.Be2 Ne5
37.Bb5 d4 38.Kf1 d3 39.Ke1 h5 40.Kd1 g4 41.hxg4 hxg4 42.Kc1 g3 43.Kb1 Ra5
44.Kb2 d2 45.Be2 Nc6 46.Rb3 Rxa7 47.Rxg3+ Kf8 48.Rd3 Nb4 49.Rxd2 Ra2+ 1/2-1/2

[Event "Najdorf Memorial"]
[Site "Warsaw POL"]
[Date "2021.07.10"]
[Round "1.42"]
[White "Siekanska, Maria"]
[Black "Mickiewicz, Piotr"]
[Result "0-1"]
[WhiteElo "1909"]
[BlackElo "2247"]
[EventDate "2021.07.10"]
[PlyCount "62"]
[BlackTitle "m"]
[WhiteTitle "k"]

1.d4 c5 2.d5 Nf6 3.c4 e5 4.Nc3 d6 5.e4 Be7 6.Bd3 Nbd7 7.Nge2 h5 8.Bd2 h4 9.Qc2
a6 10.a3 Nf8 11.b4 b6 12.Rb1 Ng6 13.Na4 h3 14.g3 Bg4 15.Nec3 Bf3 16.Rg1 Ng4
17.bxc5 bxc5 18.Nb6 Nxh2 19.Be2 Bg2 20.Qd1 Ra7 21.Nca4 Bxe4 22.Rb2 Bg2 23.Be3
e4 24.Kd2 Nf3+ 25.Bxf3 Bxf3 26.Qb1 h2 27.Rh1 Bf6 28.Rb3 Ne5 29.Bf4 Bxh1 30.Qxh1
Nf3+ 31.Kd1 Bd4 0-1

[Event "Najdorf Memorial"]
[Site "Warsaw POL"]
[Date "2021.07.10"]
[Round "1.43"]
[White "Bednarczyk, Damian"]
[Black "Krupa, Bartlomiej"]
[Result "0-1"]
[WhiteElo "2247"]
[BlackElo "1909"]
[EventDate "2021.07.10"]
[PlyCount "240"]
[BlackTitle "I"]
[WhiteTitle "k++"]

1.e4 c5 2.Nf3 d6 3.d4 cxd4 4.Nxd4 Nf6 5.Nc3 a6 6.Be3 e5 7.Nb3 Be7 8.f3 Be6
9.Qd2 Nbd7 10.g4 O-O 11.O-O-O b5 12.Kb1 b4 13.Ne2 a5 14.g5 Ne8 15.Ng3 a4 16.Nc1
Nc7 17.f4 exf4 18.Bxf4 Ne5 19.Nf5 Bxf5 20.exf5 Re8 21.h4 Qb8 22.Rh3 Ra5 23.Qg2
Nb5 24.h5 Nc3+ 25.bxc3 bxc3+ 26.Nb3 axb3 27.cxb3 Rc8 28.Qc2 Qb4 29.Bc1 Rxa2
30.Qxa2 c2+ 31.Qxc2 Rxc2 32.Kxc2 Qe4+ 33.Kb2 Qg4 34.Rd2 Qxf5 35.Rc3 Qxf1
36.Rc8+ Bf8 37.Rxd6 Nd3+ 38.Kb1 Nxc1 39.Rdd8 Nd3+ 40.Kc2 Nb4+ 41.Kd2 Qf2+
42.Kd1 Qf3+ 43.Kd2 Qf4+ 44.Ke2 Qe4+ 45.Kf1 Qe7 46.Re8 Qd6 47.Red8 Qf4+ 48.Ke2
Qg4+ 49.Kf1 Qf3+ 50.Kg1 Qe3+ 51.Kf1 Qf3+ 52.Kg1 Qg4+ 53.Kf1 Qf5+ 54.Ke2 Qe5+
55.Kf1 Qa1+ 56.Kg2 Qb2+ 57.Kf1 Qb1+ 58.Kg2 Qe4+ 59.Kf1 Qf5+ 60.Ke2 Qxc8 61.Rxc8
g6 62.hxg6 hxg6 63.Kf3 Kg7 64.Rc7 Nd3 65.Kg4 Nc5 66.b4 Na6 67.Rd7 Nxb4 68.Kf4
Na6 69.Kg4 Nc5 70.Rd5 Ne6 71.Rd7 Ba3 72.Ra7 Bc1 73.Rb7 Bxg5 74.Ra7 Bf4 75.Rb7
Bc7 76.Rb5 f5+ 77.Rxf5 gxf5+ 78.Kxf5 Nc5 79.Kg5 Kf7 80.Kf5 Bd6 81.Kg5 Ke6
82.Kg4 Ke5 83.Kf3 Kf5 84.Ke3 Be5 85.Kf3 Bd4 86.Kg3 Ne6 87.Kf3 Ng5+ 88.Kg3 Bc5
89.Kh2 Kf4 90.Kg2 Be3 91.Kh1 Kf3 92.Kh2 Bf4+ 93.Kh1 Ne6 94.Kg1 Nd4 95.Kh1 Kg3
96.Kg1 Kf3 97.Kh1 Bd6 98.Kg1 Kg3 99.Kh1 Kf3 100.Kg1 Ne2+ 101.Kh1 Ng3+ 102.Kg1
Bc5+ 103.Kh2 Bd4 104.Kh3 Bg1 105.Kh4 Ne4 106.Kh5 Kf4 107.Kg6 Ng5 108.Kf6 Bc5
109.Kg6 Be7 110.Kh5 Kf5 111.Kh4 Bd6 112.Kh5 Bg3 113.Kh6 Ne6 114.Kh5 Ng7+
115.Kh6 Kf6 116.Kh7 Bf4 117.Kg8 Kg6 118.Kf8 Bd6+ 119.Kg8 Nf5 120.Kh8 Be7 0-1

[Event "Najdorf Memorial"]
[Site "Warsaw POL"]
[Date "2021.07.10"]
[Round "1.44"]
[White "Podgorski, Maciej"]
[Black "Redzisz, Michal"]
[Result "1-0"]
[WhiteElo "1908"]
[BlackElo "2246"]
[EventDate "2021.07.10"]
[PlyCount "53"]
[BlackTitle "FM"]
[WhiteTitle "I++"]

1.e4 e5 2.Nf3 Nf6 3.Nxe5 d6 4.Nf3 Nxe4 5.Nc3 Nxc3 6.dxc3 Be7 7.Be3 O-O 8.Qd2
Nd7 9.O-O-O Nf6 10.Bd3 c5 11.h3 Be6 12.a3 b5 13.g4 Bd5 14.Qe2 Qd7 15.Rhg1 Qb7
16.Nh4 Rfe8 17.g5 Ne4 18.Qg4 Bf8 19.Rge1 b4 20.cxb4 cxb4 21.axb4 Qxb4 22.Bd4
Nc5 23.Bxc5 Qxg4 24.hxg4 Rxe1 25.Rxe1 dxc5 26.Be4 Re8 27.Bxh7+ 1-0

[Event "Najdorf Memorial"]
[Site "Warsaw POL"]
[Date "2021.07.10"]
[Round "1.45"]
[White "Karwowski, Kacper"]
[Black "Sielicki, Tomasz"]
[Result "0-1"]
[WhiteElo "2243"]
[BlackElo "1905"]
[EventDate "2021.07.10"]
[PlyCount "52"]
[BlackTitle "I++"]
[WhiteTitle "CM"]

1.e4 e5 2.Nf3 Nc6 3.Bb5 f5 4.Nc3 fxe4 5.Nxe4 d5 6.Nxe5 dxe4 7.Nxc6 Qg5 8.Nd4+
c6 9.Bf1 Qd5 10.Nb3 Nf6 11.d4 exd3 12.Qxd3 Bf5 13.Qxd5 Nxd5 14.Nd4 Bg6 15.Be2
Bb4+ 16.Kf1 O-O 17.Bf3 Rae8 18.Bg5 h6 19.Bh4 Rf4 20.Bxd5+ cxd5 21.Nf3 Bxc2
22.a3 Ba5 23.b4 Bb6 24.Ra2 Bd3+ 25.Kg1 Rxh4 26.Nxh4 Re1# 0-1

[Event "Najdorf Memorial"]
[Site "Warsaw POL"]
[Date "2021.07.11"]
[Round "2.1"]
[White "Siekanski, Janusz"]
[Black "Donchenko, Alexander"]
[Result "0-1"]
[WhiteElo "2212"]
[BlackElo "2652"]
[EventDate "2021.07.10"]
[PlyCount "56"]
[LiveChessVersion "1.4.8"]

1.d4 {[%clk 1:30:56]} 1...Nf6 {[%clk 1:30:48]} 2.c4 {[%clk 1:31:16]} 2...e6
{[%clk 1:31:12]} 3.Nc3 {[%clk 1:31:27]} 3...Bb4 {[%clk 1:31:21]} 4.e3 {[%clk
1:31:38]} 4...O-O {[%clk 1:31:19]} 5.Bd3 {[%clk 1:31:46]} 5...d5 {[%clk
1:30:30]} 6.a3 {[%clk 1:31:40]} 6...Bxc3+ {[%clk 1:30:44]} 7.bxc3 {[%clk
1:32:02]} 7...dxc4 {[%clk 1:31:02]} 8.Bxc4 {[%clk 1:32:24]} 8...c5 {[%clk
1:31:21]} 9.Ne2 {[%clk 1:23:50]} 9...Qc7 {[%clk 1:31:11]} 10.Bd3 {[%clk
1:22:05]} 10...Nc6 {[%clk 1:31:08]} 11.O-O {[%clk 1:21:56]} 11...Rd8 {[%clk
1:31:10]} 12.e4 {[%clk 0:59:39]} 12...cxd4 {[%clk 1:31:18]} 13.cxd4 {[%clk
1:00:01]} 13...Nxd4 {[%clk 1:31:38]} 14.Nxd4 {[%clk 1:00:12]} 14...Rxd4 {[%clk
1:32:01]} 15.Bb2 {[%clk 0:58:52]} 15...Rd8 {[%clk 1:32:04]} 16.Rc1 {[%clk
0:44:46]} 16...Qe7 {[%clk 1:27:06]} 17.Bxf6 {[%clk 0:30:13]} 17...Qxf6 {[%clk
1:14:13]} 18.e5 {[%clk 0:30:16]} 18...Qe7 {[%clk 1:13:53]} 19.Qf3 {[%clk
0:23:05]} 19...Rb8 {[%clk 0:59:38]} 20.Rc3 {[%clk 0:20:01]} 20...g6 {[%clk
0:58:22]} 21.Rfc1 {[%clk 0:16:40]} 21...Bd7 {[%clk 0:55:32]} 22.Qe3 {[%clk
0:15:58]} 22...Bc6 {[%clk 0:53:08]} 23.Bf1 {[%clk 0:14:46]} 23...a5 {[%clk
0:50:14]} 24.Qb6 {[%clk 0:13:25]} 24...Ra8 {[%clk 0:49:11]} 25.Rc5 {[%clk
0:10:25]} 25...Qg5 {[%clk 0:43:07]} 26.g3 {[%clk 0:08:45]} 26...Qg4 {[%clk
0:42:16]} 27.Rxa5 {[%clk 0:04:00]} 27...Qf3 {[%clk 0:42:35]} 28.Rxc6 {[%clk
0:04:18]} 28...Qxc6 {[%clk 0:42:57]} 0-1

[Event "Najdorf Memorial"]
[Site "Warsaw POL"]
[Date "2021.07.11"]
[Round "2.2"]
[White "Tomczak, Jacek"]
[Black "Kubicka, Anna"]
[Result "1-0"]
[WhiteElo "2603"]
[BlackElo "2210"]
[EventDate "2021.07.10"]
[PlyCount "87"]
[LiveChessVersion "1.4.8"]

1.d4 {[%clk 1:30:57]} 1...Nf6 {[%clk 1:30:33]} 2.c4 {[%clk 1:31:19]} 2...g6
{[%clk 1:30:14]} 3.Nc3 {[%clk 1:31:36]} 3...Bg7 {[%clk 1:30:41]} 4.e4 {[%clk
1:31:57]} 4...d6 {[%clk 1:31:00]} 5.Be2 {[%clk 1:32:00]} 5...O-O {[%clk
1:31:16]} 6.Be3 {[%clk 1:32:17]} 6...e5 {[%clk 1:31:19]} 7.d5 {[%clk 1:32:19]}
7...a5 {[%clk 1:31:04]} 8.g4 {[%clk 1:32:05]} 8...Na6 {[%clk 1:30:13]} 9.g5
{[%clk 1:31:42]} 9...Ne8 {[%clk 1:22:35]} 10.h4 {[%clk 1:31:43]} 10...c6 {[%clk
1:19:53]} 11.h5 {[%clk 1:29:02]} 11...Nec7 {[%clk 1:16:08]} 12.Nf3 {[%clk
1:23:21]} 12...cxd5 {[%clk 1:14:37]} 13.cxd5 {[%clk 1:20:10]} 13...Nc5 {[%clk
1:12:18]} 14.Nd2 {[%clk 1:11:44]} 14...Rb8 {[%clk 1:02:27]} 15.a3 {[%clk
0:59:56]} 15...b5 {[%clk 0:38:50]} 16.b4 {[%clk 1:00:02]} 16...axb4 {[%clk
0:38:57]} 17.axb4 {[%clk 1:00:26]} 17...Na4 {[%clk 0:38:45]} 18.Nxa4 {[%clk
0:44:53]} 18...bxa4 {[%clk 0:38:39]} 19.Qxa4 {[%clk 0:45:05]} 19...Bd7 {[%clk
0:36:00]} 20.Qa5 {[%clk 0:43:23]} 20...Nb5 {[%clk 0:13:10]} 21.h6 {[%clk
0:41:32]} 21...Bh8 {[%clk 0:10:54]} 22.Qxd8 {[%clk 0:41:25]} 22...Rfxd8 {[%clk
0:11:21]} 23.Bd3 {[%clk 0:27:19]} 23...f6 {[%clk 0:09:57]} 24.Nc4 {[%clk
0:24:52]} 24...fxg5 {[%clk 0:08:25]} 25.Bxg5 {[%clk 0:24:31]} 25...Rf8 {[%clk
0:08:46]} 26.Be7 {[%clk 0:20:18]} 26...Rf3 {[%clk 0:09:09]} 27.Be2 {[%clk
0:20:26]} 27...Rf4 {[%clk 0:09:35]} 28.Nxd6 {[%clk 0:18:51]} 28...Nd4 {[%clk
0:09:56]} 29.Ra7 {[%clk 0:18:25]} 29...Bg4 {[%clk 0:05:05]} 30.Bxg4 {[%clk
0:18:05]} 30...Rxg4 {[%clk 0:05:31]} 31.Rh3 {[%clk 0:07:01]} 31...Rg1+ {[%clk
0:03:52]} 32.Kd2 {[%clk 0:07:28]} 32...Rf1 {[%clk 0:04:45]} 33.Rc3 {[%clk
0:03:58]} 33...Rxf2+ {[%clk 0:04:05]} 34.Kd3 {[%clk 0:04:23]} 34...Rf3+ {[%clk
0:03:06]} 35.Kc4 {[%clk 0:04:37]} 35...Rf2 {[%clk 0:02:14]} 36.Kc5 {[%clk
0:03:53]} 36...Bf6 {[%clk 0:01:15]} 37.Bxf6 {[%clk 0:03:27]} 37...Rxf6 {[%clk
0:01:42]} 38.Rg7+ {[%clk 0:03:39]} 38...Kf8 {[%clk 0:02:08]} 39.Rxh7 {[%clk
0:03:18]} 39...Kg8 {[%clk 0:01:42]} 40.Rg7+ {[%clk 0:33:38]} 40...Kh8 {[%clk
0:32:10]} 41.Rg3 {[%clk 0:30:36]} 41...Rbf8 {[%clk 0:30:56]} 42.R3xg6 {[%clk
0:29:37]} 42...Nb3+ {[%clk 0:29:25]} 43.Kb6 {[%clk 0:29:31]} 43...Rb8+ {[%clk
0:29:26]} 44.Kc7 {[%clk 0:29:23]} 1-0